000 00288nam a2200121Ia 4500
008 190216s9999||||xx |||||||||||||| ||und||
100 _aFrank Finch
245 0 _aConcise Encyclopedia Of Management Techniques
260 _bNull
_c1972
300 _a323p
650 _aCommerce
942 _cBK
999 _c4271
_d4271